[Event "Bad Woerishofen Seniors op 19th"]
[Site "Bad Woerishofen"]
[Date "2003.03.17"]
[Round "5"]
[White "Rueggeberg, Wilhelm"]
[Black "Maertins, Leo"]
[Result "0-1"]
[WhiteElo "2106"]
[BlackElo "1633"]
[PlyCount "100"]
[EventDate "2003.03.13"]
[EventType "swiss"]
[EventRounds "9"]
[EventCountry "GER"]
[SourceTitle "EXT 2004"]
[Source "ChessBase"]
[SourceDate "2003.11.25"]
[SourceVersion "1"]
[SourceVersionDate "2003.11.25"]
[SourceQuality "1"]

1. d4 Nf6 2. Nf3 e6 3. c4 d5 4. Nc3 Bb4 5. Bg5 c5 6. a3 cxd4 7. axb4 dxc3 8. bxc3 h6 9. Bh4 dxc4 10. Qxd8+ Kxd8 11. Ne5 Ke7 12. Nxc4 Nbd7 13. e3 g5 14. Bg3 Ne4 15. Rc1 b6 16. f3 Nxg3 17. hxg3 Ba6 18. Ra1 Bxc4 19. Bxc4 Rac8 20. Bb5 Rxc3 21. Kd2 Rc7 22. Ra2 Nf6 23. e4 e5 24. g4 h5 25. Ke2 h4 26. Rha1 Ra8 27. Bd3 Ne8 28. Bc2 Nd6 29. Bd3 f6 30. Rc2 Rxc2+ 31. Bxc2 Nb5 32. Bd3 Nd4+ 33. Kf2 a5 34. Bc4 Nc2 35. Rc1 Nxb4 36. Bb5 Ra7 37. Rc8 a4 38. Rh8 Kd6 39. Rh6 a3 40. Bc4 a2 41. Rxf6+ Kc5 42. Bxa2 Rxa2+ 43. Ke3 Nc2+ 44. Kf2 Nd4+ 45. Kf1 b5 46. Rg6 b4 47. Rxg5 b3 48. Rxe5+ Kc4 49. Re7 b2 50. Rc7+ Kb4 0-1

[Event "Bad Woerishofen Seniors op 19th"]
[Site "Bad Woerishofen"]
[Date "2003.03.14"]
[Round "2"]
[White "Maertins, Leo"]
[Black "Rembowski, Krzysztof"]
[Result "0-1"]
[WhiteElo "1633"]
[BlackElo "2000"]
[PlyCount "72"]
[EventDate "2003.03.13"]
[EventType "swiss"]
[EventRounds "9"]
[EventCountry "GER"]
[SourceTitle "EXT 2004"]
[Source "ChessBase"]
[SourceDate "2003.11.25"]
[SourceVersion "1"]
[SourceVersionDate "2003.11.25"]
[SourceQuality "1"]

1. c4 c5 2. Nc3 Nf6 3. g3 d5 4. cxd5 Nxd5 5. Bg2 Nc7 6. Nf3 Nc6 7. d3 e5 8. Bg5 f6 9. Be3 Be6 10. 0-0 Be7 11. Qa4 0-0 12. Nd2 Qd7 13. Nde4 Nd4 14. Qd1 Rab8 15. f4 f5 16. Nd2 exf4 17. Bxf4 g5 18. Be5 Nc6 19. Bxc7 Qxc7 20. Nd5 Bxd5 21. Bxd5+ Kg7 22. Bxc6 Qxc6 23. Rc1 Qd5 24. b3 Bf6 25. Nc4 b5 26. Ne3 Bd4 27. Rf3 f4 28. gxf4 gxf4 29. Kh1 Bxe3 30. Rc2 Rb6 31. Qa1+ Kf7 32. h3 Rg6 33. Kh2 Rfg8 34. Qf1 Rg2+ 35. Qxg2 Rxg2+ 36. Kxg2 Qg5+ 0-1

[Event "Bad Woerishofen Seniors op 18th"]
[Site "Bad Woerishofen"]
[Date "2002.03.10"]
[Round "4"]
[White "Maertins, Leo"]
[Black "Krueger, Manfred"]
[Result "1/2-1/2"]
[WhiteElo "1642"]
[BlackElo "1446"]
[PlyCount "113"]
[EventDate "2002.03.??"]
[EventType "swiss"]
[EventRounds "9"]
[EventCountry "GER"]
[SourceTitle "EXT 2006"]
[Source "ChessBase"]
[SourceDate "2005.11.24"]
[SourceVersion "1"]
[SourceVersionDate "2005.11.24"]
[SourceQuality "1"]

1. c4 Nf6 2. Nc3 e6 3. g3 c6 4. Bg2 d5 5. cxd5 cxd5 6. d4 Nc6 7. Nf3 Bd6 8. 0-0 a6 9. Re1 b5 10. b3 Bb4 11. Bd2 Qa5 12. Qc2 Bd7 13. a3 Bxc3 14. Bxc3 Qb6 15. e3 Rc8 16. Qd3 Ne4 17. Bb2 b4 18. a4 Na5 19. Rac1 0-0 20. Ne5 Nf6 21. e4 dxe4 22. Bxe4 Qa7 23. Bf3 Rxc1 24. Rxc1 Bc8 25. g4 Nd5 26. Bxd5 exd5 27. Rc5 Qb6 28. Rxd5 Be6 29. Nd7 Bxd7 30. Rxd7 Qe6 31. Ra7 Qxg4+ 32. Kf1 Qe6 33. d5 Qd6 34. Qg3 Qxg3 35. hxg3 Nxb3 36. Rxa6 Rb8 37. Be5 Re8 38. Rb6 Nd2+ 39. Kg2 Nc4 40. Rxb4 Nxe5 41. a5 g6 42. a6 Kg7 43. a7 Ra8 44. Rb7 Kf6 45. f4 Nc4 46. Rd7 h5 47. Kf3 g5 48. Rc7 g4+ 49. Ke2 Kg7 50. Rxc4 Rxa7 51. d6 Rd7 52. Rd4 f5 53. Rd1 Kf6 54. Rh1 Rh7 55. Kf2 Ke6 56. Rd1 Rd7 57. Rh1 1/2-1/2

[Event "Bad Woerishofen Seniors op 18th"]
[Site "Bad Woerishofen"]
[Date "2002.03.08"]
[Round "2"]
[White "Maertins, Leo"]
[Black "Bierbach, Utz Friedrich"]
[Result "1/2-1/2"]
[WhiteElo "1642"]
[BlackElo "1769"]
[PlyCount "47"]
[EventDate "2002.03.??"]
[EventType "swiss"]
[EventRounds "9"]
[EventCountry "GER"]
[SourceTitle "EXT 2006"]
[Source "ChessBase"]
[SourceDate "2005.11.24"]
[SourceVersion "1"]
[SourceVersionDate "2005.11.24"]
[SourceQuality "1"]

1. c4 Nf6 2. Nc3 c5 3. g3 Nc6 4. Bg2 g6 5. e3 Bg7 6. Nge2 0-0 7. 0-0 d6 8. a3 Bd7 9. Rb1 Qc8 10. d3 Bh3 11. b4 Bxg2 12. Kxg2 cxb4 13. axb4 h5 14. h4 Nh7 15. b5 Nd8 16. Nd5 Qd7 17. Bb2 e6 18. Bxg7 Kxg7 19. Ndc3 b6 20. Nf4 Rc8 21. Qb3 Nf6 22. f3 Nb7 23. Ne4 Nxe4 24. fxe4 1/2-1/2

[Event "Bayern-ch Seniors 11th"]
[Site "Schloss Schney"]
[Date "1999.??.??"]
[Round "7"]
[White "Braeu, Emmi"]
[Black "Maertins, Leo"]
[Result "1-0"]
[WhiteElo "1486"]
[BlackElo "1749"]
[PlyCount "122"]
[EventDate "1999.11.??"]
[EventType "swiss"]
[EventRounds "9"]
[EventCountry "GER"]
[SourceTitle "EXT 2002"]
[Source "ChessBase"]
[SourceDate "2001.11.25"]
[SourceVersion "1"]
[SourceVersionDate "2001.11.25"]
[SourceQuality "1"]

1. d4 Nf6 2. c4 e6 3. Nc3 Bb4 4. Qc2 c5 5. dxc5 Nc6 6. Nf3 Qa5 7. Bd2 Qxc5 8. e3 d5 9. cxd5 Nxd5 10. Rc1 Bxc3 11. Bxc3 0-0 12. Bd4 Qa5+ 13. Nd2 Nxd4 14. exd4 Qxa2 15. Bc4 Qa5 16. 0-0 Bd7 17. Ra1 Qb4 18. Bxd5 exd5 19. Qc3 Qd6 20. Nf3 f6 21. Qb3 Bc6 22. Rfe1 a6 23. Re3 Rae8 24. Rae1 Rxe3 25. Rxe3 g5 26. h3 Kg7 27. Qd3 Bd7 28. Qe2 Rf7 29. Nh2 Kg6 30. Ra3 Re7 31. Qd2 Re4 32. Nf3 h6 33. Nh2 f5 34. Rb3 Bb5 35. Re3 f4 36. Rxe4 dxe4 37. Ng4 h5 38. Ne5+ Kf6 39. Qc3 Bc6 40. Nc4 Qd5 41. Nb6 Qb5 42. d5+ Kf7 43. dxc6 Qxc6 44. Qxc6 bxc6 45. Nc4 Ke6 46. Kf1 g4 47. hxg4 hxg4 48. Ke2 Kd5 49. b3 Kd4 50. Kd2 c5 51. g3 fxg3 52. fxg3 a5 53. Ne3 a4 54. bxa4 c4 55. Nc2+ Kc5 56. Kc3 Kd5 57. a5 Kc5 58. a6 Kb6 59. Kxc4 Kxa6 60. Kd5 Kb6 61. Kxe4 Kc6 1-0

[Event "Bayern-ch Seniors 11th"]
[Site "Schloss Schney"]
[Date "1999.??.??"]
[Round "1"]
[White "Maertins, Leo"]
[Black "Claus, Joachim"]
[Result "1/2-1/2"]
[WhiteElo "1749"]
[BlackElo "1856"]
[PlyCount "43"]
[EventDate "1999.11.??"]
[EventType "swiss"]
[EventRounds "9"]
[EventCountry "GER"]
[SourceTitle "EXT 2002"]
[Source "ChessBase"]
[SourceDate "2001.11.25"]
[SourceVersion "1"]
[SourceVersionDate "2001.11.25"]
[SourceQuality "1"]

1. c4 Nf6 2. Nc3 d5 3. g3 g6 4. Bg2 e6 5. e3 Bg7 6. Nge2 0-0 7. cxd5 exd5 8. d4 c6 9. 0-0 Re8 10. b4 a6 11. Na4 Nbd7 12. Rb1 Nb6 13. Nxb6 Qxb6 14. Nc3 Bf5 15. Rb2 Qd8 16. a4 b5 17. a5 Qd7 18. Re1 Ne4 19. Nxe4 Bxe4 20. Bxe4 Rxe4 21. Rc2 Rae8 22. Bb2 1/2-1/2

[Event "Bayern-ch Seniors 11th"]
[Site "Schloss Schney"]
[Date "1999.??.??"]
[Round "3"]
[White "Maertins, Leo"]
[Black "Polk, Maria"]
[Result "1-0"]
[WhiteElo "1749"]
[BlackElo "1263"]
[PlyCount "63"]
[EventDate "1999.11.??"]
[EventType "swiss"]
[EventRounds "9"]
[EventCountry "GER"]
[SourceTitle "EXT 2002"]
[Source "ChessBase"]
[SourceDate "2001.11.25"]
[SourceVersion "1"]
[SourceVersionDate "2001.11.25"]
[SourceQuality "1"]

1. c4 c5 2. Nc3 e6 3. g3 d5 4. cxd5 exd5 5. e3 Nf6 6. Bg2 Be7 7. Nge2 Be6 8. Qb3 Qd7 9. d4 c4 10. Qc2 Nc6 11. a3 0-0 12. 0-0 Na5 13. Bd2 Nb3 14. Ra2 Nxd2 15. Qxd2 b5 16. Nf4 Bf5 17. Ncxd5 Ne4 18. Qd1 g5 19. Nxe7+ Qxe7 20. Nd5 Qd7 21. Bxe4 Kg7 22. Bxf5 Qxf5 23. Nc3 a5 24. e4 Qd7 25. d5 Rae8 26. Qd4+ f6 27. f4 gxf4 28. Rxf4 Re5 29. Ra1 Rh5 30. Raf1 Rg5 31. Rxf6 Rxf6 32. Qxf6+ 1-0